000 01100nam a2200325 i 4500
003 EG-GICUC
005 20260121101408.0
008 251130s1951 ua ||||fr|||| 000 0 fre d
040 _aEG-GiCUC
_bfre
_cEG-GiCUC
_dEG-GiCUC
_eRda
041 _afre
082 0 4 _221
_a341.33
_bBO . C
092 0 4 _221
099 _aLaw1 11 341.33 BO . C 1951
100 1 _a Chali, B. Boutros
_eAuteur
245 1 0 _aCours De Diplomatie /
_cB. Boutros Chali.
264 1 _aLe Caire :
_bImprimerie La Patrie,
_c1951.
300 _a129 page ;
_c 24 cm.
336 _2rda contenu
_a texte
337 _2rda medias
_aOrdinateur
338 _2 transporteur rda
_a Ressource en ligne
500 _aTraduction Des Principaux Termes Techniques Utilises Dans Ce Cours.
504 _aBibliographie : pages 123-129
546 _aTexte en français avec quelques passages en arabe
650 1 4 _aDiplomatie / Corps diplomatique
_2qrmak
650 1 4 _aDroit international public
651 1 _2qrmak
856 4 0 _uhttps://fll.law.cu.edu.eg/fulltext/bks/B11-05827.pdf
905 _a5
_eHassnaa
942 _2ddc
_cBK
_e21
_n0
999 _c47464
_d47464